000 00323nam a22001337a 4500
008 181030b xxu||||| |||| 00| 0 eng d
020 _a0801613175
041 _aeng
080 _23rd
_a330
100 _a52
101 _aMBE
245 _aSpecial Techniques in Assertiveness Training STAT
_cChenevert, M
942 _2udc
_cBK
999 _c51118
_d51118